[Event "27th CRO-Cup"]
[Site "Mali Losinj"]
[Date "2018.05.16"]
[Round "1.11"]
[White "Kozul, Zdenko"]
[Black "Feletar, Darko"]
[Result "1-0"]
[WhiteElo "2597"]
[BlackElo "2365"]
[PlyCount "95"]
[EventDate "2018.05.16"]
[WhiteTeam "ŠK Zagreb, Zagreb"]
[BlackTeam "ŠK Ferit-Osijek, Osijek"]

1. d4 d5 2. Nf3 Nf6 3. c4 dxc4 4. e3 e6 5. Bxc4 a6 6. O-O c5 7. Bd3 Nc6 8. a3
Qc7 9. h3 Be7 10. dxc5 Bxc5 11. b4 Bd6 12. Bb2 Ne5 13. Nc3 Nxd3 14. Qxd3 Qe7
15. Rfd1 Bc7 16. Rac1 O-O 17. Ng5 Rd8 18. Qc2 h6 19. Nd5 exd5 20. Bxf6 Qxf6 21.
Qh7+ Kf8 22. Rxc7 Bd7 23. Nf3 g5 24. Nd4 g4 25. hxg4 Bxg4 26. f3 Bd7 27. Rxb7
Rac8 28. Qd3 Kg8 29. Qd2 Qd6 30. Rc1 Rxc1+ 31. Qxc1 Rc8 32. Qe1 Rc4 33. Qh4 Bc8
34. Qe7 Qg6 35. Qe8+ Kg7 36. Qe5+ Kg8 37. Re7 Rc1+ 38. Kh2 Kh7 39. Qxd5 Kg7 40.
Qe5+ Kh7 41. Re8 Qg7 42. Qxg7+ Kxg7 43. Kg3 Rc3 44. Kf4 Bd7 45. Rd8 Bc8 46. g4
f6 47. Rd5 Rxa3 48. Rc5 1-0

[Event "27th CRO-Cup"]
[Site "Mali Losinj"]
[Date "2018.05.16"]
[Round "1.12"]
[White "Vitic, Ivan"]
[Black "Stevic, Hrvoje"]
[Result "0-1"]
[WhiteElo "2275"]
[BlackElo "2588"]
[PlyCount "120"]
[EventDate "2018.05.16"]
[WhiteTeam "ŠK Ferit-Osijek, Osijek"]
[BlackTeam "ŠK Zagreb, Zagreb"]

1. Nf3 Nf6 2. d4 g6 3. Nc3 d5 4. Bf4 Bg7 5. e3 O-O 6. Be2 c6 7. O-O Bg4 8. Ne5
Bxe2 9. Nxe2 Nh5 10. Nd3 Nxf4 11. Nexf4 Nd7 12. c3 Qc7 13. h3 e6 14. Re1 c5 15.
Nxc5 Nxc5 16. dxc5 Qxc5 17. Qb3 b5 18. Rad1 a5 19. a3 Qc4 20. Qxc4 bxc4 21. g3
Rab8 22. Rd2 Rfd8 23. e4 d4 24. cxd4 Rxd4 25. Rc2 Bh6 26. Ng2 Rd2 27. Rec1 Re2
28. f4 Rxe4 29. Rxc4 Rxc4 30. Rxc4 Rxb2 31. Ra4 Rb5 32. Ne3 Bg7 33. Nc4 Bc3 34.
Nd6 Rb1+ 35. Kg2 Rb2+ 36. Kf1 Rb1+ 37. Kg2 Rb2+ 38. Kf1 Rb3 39. Rc4 Bg7 40.
Rc8+ Bf8 41. Kg2 Rxa3 42. g4 f5 43. g5 Rd3 44. Ne8 Kf7 45. Nf6 a4 46. Rc7+ Be7
47. Nd7 Ke8 48. Ne5 Rd2+ 49. Kf3 a3 50. Ra7 Bc5 51. Ra8+ Rd8 52. Ra6 Rd6 53.
Ra5 Rd5 54. Ke2 Rd2+ 55. Kf3 a2 56. Ra4 Kd8 57. h4 Kc7 58. h5 gxh5 59. Ra5 Bd4
60. Nc4 Rf2+ 0-1

[Event "27th CRO-Cup"]
[Site "Mali Losinj"]
[Date "2018.05.16"]
[Round "1.13"]
[White "Jankovic, Alojzije"]
[Black "Susnjar, Miroslav"]
[Result "1-0"]
[WhiteElo "2563"]
[BlackElo "2154"]
[PlyCount "63"]
[EventDate "2018.05.16"]
[WhiteTeam "ŠK Zagreb, Zagreb"]
[BlackTeam "ŠK Ferit-Osijek, Osijek"]

1. d4 Nf6 2. Nf3 d6 3. c4 g6 4. Nc3 Bg7 5. e4 O-O 6. Be2 e5 7. O-O exd4 8. Nxd4
Re8 9. f3 c6 10. Kh1 Nbd7 11. Nc2 Qc7 12. Bg5 a6 13. Qd2 b5 14. Rfd1 Bf8 15.
Rac1 Bb7 16. a4 bxc4 17. Bxc4 d5 18. exd5 cxd5 19. Ba2 Qe5 20. Re1 Qd6 21. Red1
Qe5 22. Bf4 Qe6 23. Ne3 Nb6 24. a5 Nc4 25. Nxc4 dxc4 26. Na4 Bd5 27. Bg5 Rad8
28. Re1 Bxf3 29. Rxe6 Rxd2 30. gxf3 Rxe6 31. Bxd2 Re2 32. Bc3 1-0

[Event "27th CRO-Cup"]
[Site "Mali Losinj"]
[Date "2018.05.16"]
[Round "1.14"]
[White "Drmic, Bozo"]
[Black "Zelcic, Robert"]
[Result "0-1"]
[WhiteElo "2028"]
[BlackElo "2501"]
[PlyCount "88"]
[EventDate "2018.05.16"]
[WhiteTeam "ŠK Ferit-Osijek, Osijek"]
[BlackTeam "ŠK Zagreb, Zagreb"]

1. e4 d6 2. d4 Nf6 3. Nc3 Nbd7 4. f4 e5 5. Nf3 exd4 6. Nxd4 Nc5 7. Bd3 Be7 8.
O-O O-O 9. Bd2 d5 10. e5 Nxd3 11. cxd3 Bc5 12. Nce2 Bg4 13. Bc3 Re8 14. Kh1
Bxd4 15. Bxd4 Nd7 16. Rc1 f6 17. h3 fxe5 18. Bxe5 Bh5 19. d4 c6 20. Qd3 Bxe2
21. Qxe2 Qh4 22. Qe3 Nf6 23. Qe1 Qxe1 24. Rfxe1 Ne4 25. Re3 a5 26. b3 Kf7 27.
Kh2 h5 28. g3 a4 29. Rc2 Nd6 30. Kg2 axb3 31. Rxb3 Nb5 32. g4 hxg4 33. hxg4 Ra4
34. Kg3 Re7 35. Rd3 Na3 36. Rh2 Nc4 37. Rf3 b5 38. Kh4 Re6 39. g5 Nxe5 40.
fxe5+ Kg6 41. Rf4 Rxe5 42. Rg4 Re4 43. Rxe4 dxe4 44. Rc2 Rc4 0-1

[Event "27th CRO-Cup"]
[Site "Mali Losinj"]
[Date "2018.05.16"]
[Round "1.21"]
[White "Bosiocic, Marin"]
[Black "Popovic, Bozidar"]
[Result "1-0"]
[WhiteElo "2597"]
[BlackElo "2231"]
[PlyCount "101"]
[EventDate "2018.05.16"]
[WhiteTeam "ŠK Rijeka, Rijeka"]
[BlackTeam "ŠK Belišće, Belišće"]

1. e4 d6 2. d4 Nf6 3. Nc3 e5 4. Nf3 Nbd7 5. Bc4 Be7 6. a4 c6 7. O-O O-O 8. Re1
b6 9. h3 a6 10. Ba2 Bb7 11. dxe5 dxe5 12. Nh4 Nxe4 13. Nxe4 Bxh4 14. Qg4 Kh8
15. Bg5 Bxg5 16. Nxg5 Nf6 17. Qf5 Bc8 18. Qxe5 Ra7 19. Rad1 Rd7 20. Rxd7 Qxd7
21. Qe7 Qxe7 22. Rxe7 h6 23. Nxf7+ Kh7 24. Nd6 Bd7 25. c3 Rd8 26. Nf7 Re8 27.
Rxe8 Bxe8 28. Ne5 c5 29. a5 bxa5 30. Nd3 Nd7 31. Kf1 Kg6 32. Be6 Kf6 33. Bxd7
Bxd7 34. Nxc5 Bb5+ 35. Ke1 Ke5 36. Nb3 a4 37. Nd2 Bd3 38. h4 Kf4 39. Nf3 g6 40.
Nd4 Bc4 41. Kd2 Bf1 42. g3+ Ke4 43. f3+ Kd5 44. g4 Kc4 45. f4 Bd3 46. f5 gxf5
47. Nxf5 Bxf5 48. gxf5 Kd5 49. c4+ Ke5 50. Kc3 a5 51. c5 1-0

[Event "27th CRO-Cup"]
[Site "Mali Losinj"]
[Date "2018.05.16"]
[Round "1.22"]
[White "Basrak, Srdjan"]
[Black "Tica, Sven"]
[Result "0-1"]
[WhiteElo "2245"]
[BlackElo "2444"]
[PlyCount "98"]
[EventDate "2018.05.16"]
[WhiteTeam "ŠK Belišće, Belišće"]
[BlackTeam "ŠK Rijeka, Rijeka"]

1. d3 d5 2. f4 Nf6 3. Nf3 g6 4. g3 Bg7 5. Bg2 O-O 6. O-O b6 7. c3 Bb7 8. Qc2 c5
9. Nbd2 Nbd7 10. e4 dxe4 11. dxe4 e5 12. f5 Qc7 13. fxg6 hxg6 14. Ng5 c4 15. b4
a5 16. Ba3 Ng4 17. Rae1 Bh6 18. Ndf3 Qd6 19. h3 Ngf6 20. Rd1 Qe7 21. h4 Rfd8
22. Qe2 b5 23. Bh3 Bg7 24. Nxf7 Kxf7 25. Ng5+ Ke8 26. Ne6 Nf8 27. Nxd8 Rxd8 28.
Rxd8+ Kxd8 29. Qe3 N8d7 30. Qa7 Bxe4 31. Qxa5+ Ke8 32. Qxb5 Bd3 33. Re1 e4 34.
Bc1 Qe5 35. Qxe5+ Nxe5 36. Kg2 Nf3 37. Rh1 Nd5 38. Bg4 Ne5 39. Be6 Nxc3 40. h5
gxh5 41. Rxh5 Ke7 42. Bc8 Nxa2 43. Bg5+ Kf7 44. Bf4 Ng6 45. Rf5+ Ke8 46. Be3
Ne7 47. Ra5 Nxb4 48. Be6 Nec6 49. Ra8+ Ke7 0-1

[Event "27th CRO-Cup"]
[Site "Mali Losinj"]
[Date "2018.05.16"]
[Round "1.24"]
[White "Bojanic, Borislav"]
[Black "Zelenika, Srdjan"]
[Result "0-1"]
[WhiteElo "1914"]
[BlackElo "2218"]
[PlyCount "108"]
[EventDate "2018.05.16"]
[WhiteTeam "ŠK Belišće, Belišće"]
[BlackTeam "ŠK Rijeka, Rijeka"]

1. d4 Nf6 2. c4 g6 3. Nc3 Bg7 4. e4 d6 5. Nf3 O-O 6. Be2 e5 7. dxe5 dxe5 8.
Qxd8 Rxd8 9. Bg5 Nbd7 10. O-O-O Rf8 11. Rd2 c6 12. Rhd1 Nc5 13. Rd8 Ne6 14.
Rxf8+ Kxf8 15. Bh4 Nd7 16. Kb1 h6 17. h3 a5 18. a4 Ke8 19. Bg3 h5 20. Bh2 Ke7
21. Bf1 Nec5 22. Nd2 Nf8 23. f4 exf4 24. Bxf4 Nfe6 25. Be3 Bxc3 26. bxc3 Nxa4
27. Kc2 Nac5 28. e5 a4 29. Nf3 Ra5 30. Bf2 Bd7 31. Bh4+ Ke8 32. Nd4 g5 33. Bg3
Ne4 34. Bh2 Nf4 35. Nf3 Bf5 36. Nd4 Nf2+ 37. Nxf5 Nxd1 38. Bxf4 gxf4 39. Nd6+
Ke7 40. Nxb7 Ne3+ 41. Kb1 Ra7 42. Nc5 Nxf1 43. Nd3 Nd2+ 44. Ka2 Nxc4 45. Nxf4
h4 46. e6 Rb7 47. exf7 Rb2+ 48. Ka1 Kxf7 49. Nd3 Rxg2 50. Nf4 Rh2 51. Kb1 a3
52. Ka1 Na5 53. Nd3 Nb3+ 54. Kb1 a2# 0-1

[Event "27th CRO-Cup"]
[Site "Mali Losinj"]
[Date "2018.05.16"]
[Round "1.31"]
[White "Bogut, Zeljko"]
[Black "Jovanovic, Zoran"]
[Result "1/2-1/2"]
[WhiteElo "2416"]
[BlackElo "2551"]
[PlyCount "119"]
[EventDate "2018.05.16"]
[WhiteTeam "ŠK Dubrovnik, Dubrovnik"]
[BlackTeam "ŠK Sljeme-Agroproteinka, Sesvete"]

1. e4 d6 2. d4 Nf6 3. Nc3 e5 4. dxe5 dxe5 5. Qxd8+ Kxd8 6. Bc4 Ke8 7. Nd5 Nxd5
8. Bxd5 Nd7 9. f4 Bd6 10. fxe5 Nxe5 11. Nf3 c6 12. Bb3 Ke7 13. Be3 f6 14. O-O-O
b6 15. Bd4 Nxf3 16. gxf3 Bf4+ 17. Kb1 Be6 18. Rhg1 g5 19. h4 h6 20. h5 Rhd8 21.
Bxe6 Kxe6 22. c4 Rxd4 23. Rxd4 Be3 24. Rgd1 Bxd4 25. Rxd4 Rg8 26. c5 bxc5 27.
Rc4 Kd6 28. Kc2 Rg7 29. b3 Rf7 30. Ra4 Ke5 31. Kd3 f5 32. exf5 Kxf5 33. Ke3 Ke5
34. Ra5 Kd6 35. Ra4 Kd5 36. Ra5 Re7+ 37. Kd3 Kd6 38. Ra4 Rg7 39. Ke3 Rf7 40.
Ra5 Rb7 41. Ke4 Rf7 42. Ke3 Re7+ 43. Kd3 Rg7 44. Ke3 g4 45. fxg4 Rxg4 46. Rxa7
Rg5 47. Kd3 Rxh5 48. a4 Rh3+ 49. Kc4 Rh4+ 50. Kc3 Rh3+ 51. Kc4 Rh1 52. a5 Rc1+
53. Kd3 c4+ 54. bxc4 Kc5 55. Rh7 Rxc4 56. Rxh6 Kb5 57. Rh5+ c5 58. Rh8 Rd4+ 59.
Kc3 Kxa5 60. Rb8 1/2-1/2

[Event "27th CRO-Cup"]
[Site "Mali Losinj"]
[Date "2018.05.16"]
[Round "1.32"]
[White "Pikula, Dejan"]
[Black "Separovic, Tomislav"]
[Result "1-0"]
[WhiteElo "2470"]
[BlackElo "2182"]
[PlyCount "129"]
[EventDate "2018.05.16"]
[WhiteTeam "ŠK Sljeme-Agroproteinka, Sesvete"]
[BlackTeam "ŠK Dubrovnik, Dubrovnik"]

1. e4 e6 2. d3 c5 3. Nf3 Nc6 4. g3 Nf6 5. Bg2 Be7 6. O-O O-O 7. c3 d6 8. a3 Rb8
9. Re1 b5 10. Nbd2 Qb6 11. b4 cxb4 12. axb4 a5 13. bxa5 Nxa5 14. Nb3 Nxb3 15.
Qxb3 d5 16. Bf4 Rb7 17. e5 Nd7 18. Bg5 Bxg5 19. Nxg5 h6 20. Nh3 Rc7 21. d4 Qc6
22. Rec1 Nb6 23. Bf1 Bd7 24. Nf4 Rfc8 25. Rab1 Na4 26. Qa3 Qa6 27. Rb3 Qa5 28.
Ne2 Rc4 29. Qa2 Qd8 30. Qd2 Qc7 31. h4 Be8 32. Bh3 Bd7 33. Kh2 Be8 34. Bg4 Qe7
35. Nf4 Bd7 36. Be2 R4c7 37. Bd3 Be8 38. Ne2 Bd7 39. Bb1 Be8 40. Qd3 g6 41. Qd2
Kg7 42. Kg2 Rc4 43. h5 Qg5 44. Qxg5 hxg5 45. hxg6 fxg6 46. Kf3 Bd7 47. Kg4 Nc5
48. Rb4 Na4 49. Rxc4 Rxc4 50. Kxg5 Be8 51. Bd3 Rc7 52. Rc2 Rc8 53. Ra2 Bf7 54.
Ra3 Nb2 55. Bxb5 Nd1 56. f3 Rc7 57. Bd3 Nf2 58. Nf4 Nd1 59. Bxg6 Nxc3 60. Ra8
Bg8 61. Nh5+ Kh8 62. Bd3 Rf7 63. Nf6 Rg7+ 64. Kf4 Nd1 65. Bh7 1-0

[Event "27th CRO-Cup"]
[Site "Mali Losinj"]
[Date "2018.05.16"]
[Round "1.34"]
[White "Bukal, Vladimir Jr"]
[Black "Bender, Zdenko"]
[Result "1-0"]
[WhiteElo "2388"]
[BlackElo "2047"]
[PlyCount "79"]
[EventDate "2018.05.16"]
[WhiteTeam "ŠK Sljeme-Agroproteinka, Sesvete"]
[BlackTeam "ŠK Dubrovnik, Dubrovnik"]

1. Nf3 c6 2. g3 Na6 3. Bg2 g6 4. O-O Bg7 5. d4 Nf6 6. c4 d5 7. cxd5 Nxd5 8. e4
Ndc7 9. h3 O-O 10. Nc3 Be6 11. Re1 Qc8 12. Kh2 Rd8 13. Be3 b5 14. Rc1 Qb7 15.
b3 Rac8 16. Qe2 Bd7 17. Red1 Be8 18. h4 Na8 19. e5 N6c7 20. Ne4 a5 21. Nc5 Qb8
22. Bh3 e6 23. h5 Nb6 24. hxg6 hxg6 25. Bg5 b4 26. Bxd8 Rxd8 27. Ng5 Nb5 28.
Qg4 Bh6 29. Qh4 Bxg5 30. Qxg5 Rxd4 31. Nxe6 Rxd1 32. Rxd1 Nd5 33. Rxd5 cxd5 34.
Qf6 fxe6 35. Bxe6+ Kh7 36. Qe7+ Bf7 37. Qxf7+ Kh6 38. Qf4+ Kg7 39. Qf6+ Kh7 40.
Bf7 1-0

[Event "27th CRO-Cup"]
[Site "Mali Losinj"]
[Date "2018.05.16"]
[Round "1.41"]
[White "Saric, Ibro"]
[Black "Bodiroga, Predrag"]
[Result "0-1"]
[WhiteElo "2554"]
[BlackElo "2332"]
[PlyCount "92"]
[EventDate "2018.05.16"]
[WhiteTeam "ŠK Mornar, Split"]
[BlackTeam "ŠK Tomislav-Goran, Sv.Ivan Žabno"]

1. d4 Nf6 2. c4 e6 3. Nc3 d5 4. Bg5 Be7 5. e3 h6 6. Bxf6 Bxf6 7. Nf3 O-O 8. Qb3
c6 9. Rd1 Nd7 10. Bd3 Qe7 11. O-O a5 12. cxd5 exd5 13. e4 dxe4 14. Bxe4 a4 15.
Qc2 a3 16. Rfe1 Qb4 17. Rb1 Bxd4 18. Bh7+ Kh8 19. Re4 c5 20. Nd5 Qa5 21. b4 Qd8
22. Nxd4 cxd4 23. Rxd4 Nf6 24. Qc5 Nxd5 25. Rxd5 Qe8 26. Re5 Qd8 27. Be4 Be6
28. Bxb7 Bxa2 29. Ra1 Rb8 30. Bf3 Qf6 31. Bc6 Rfd8 32. Ree1 Qb2 33. b5 Rd2 34.
h3 Rbd8 35. Qe7 Qd4 36. Qxa3 Qxf2+ 37. Kh1 Bd5 38. Bxd5 R8xd5 39. Rg1 R5d3 40.
Qa8+ Kh7 41. Qe4+ f5 42. Qxd3 Rxd3 43. Rgf1 Qd4 44. Rab1 Qd5 45. Kh2 Rd2 46.
Rg1 Rb2 0-1

[Event "27th CRO-Cup"]
[Site "Mali Losinj"]
[Date "2018.05.16"]
[Round "1.42"]
[White "Santa, Robert"]
[Black "Saric, Ante"]
[Result "0-1"]
[WhiteElo "2174"]
[BlackElo "2535"]
[PlyCount "74"]
[EventDate "2018.05.16"]
[WhiteTeam "ŠK Tomislav-Goran, Sv.Ivan Žabno"]
[BlackTeam "ŠK Mornar, Split"]

1. e4 c5 2. Nf3 Nc6 3. d4 cxd4 4. Nxd4 g6 5. Nc3 Bg7 6. Be3 Nf6 7. f3 O-O 8.
Qd2 d5 9. exd5 Nxd5 10. Nxd5 Qxd5 11. c3 Nxd4 12. cxd4 Rd8 13. Rd1 Qxa2 14. Qb4
Qe6 15. Kf2 Qd6 16. Qd2 Be6 17. Bd3 Bb3 18. Bc2 Bxc2 19. Qxc2 Rac8 20. Qa4 Qd7
21. Qxd7 Rc2+ 22. Kg3 Rxd7 23. b4 Rb2 24. Rc1 f5 25. Rc4 b5 26. Rc8+ Kf7 27.
Ra1 Rxb4 28. Ra6 Bxd4 29. Bxd4 Rbxd4 30. Rh8 Kg7 31. Ra8 Ra4 32. Rc6 Rb7 33.
Rcc8 b4 34. Rg8+ Kf7 35. Rh8 b3 36. Rxh7+ Ke6 37. Rg7 b2 0-1

[Event "27th CRO-Cup"]
[Site "Mali Losinj"]
[Date "2018.05.16"]
[Round "1.43"]
[White "Plenca, Julijan"]
[Black "Komljenovic, Tihomir"]
[Result "1-0"]
[WhiteElo "2413"]
[BlackElo "2041"]
[PlyCount "87"]
[EventDate "2018.05.16"]
[WhiteTeam "ŠK Mornar, Split"]
[BlackTeam "ŠK Tomislav-Goran, Sv.Ivan Žabno"]

1. e4 Nf6 2. e5 Nd5 3. c4 Nb6 4. d4 d6 5. exd6 cxd6 6. Nc3 g6 7. Be3 Bg7 8. Rc1
O-O 9. b3 Nc6 10. d5 Ne5 11. Be2 f5 12. f4 Ng4 13. Bxg4 fxg4 14. Nge2 e5 15.
dxe6 Bxe6 16. O-O Qe7 17. Bd4 Rad8 18. a4 Bh6 19. a5 Nc8 20. Qd2 d5 21. c5 Qd7
22. Qe3 Rde8 23. Qe5 Bg7 24. Qxg7+ Qxg7 25. Bxg7 Kxg7 26. Nd4 Bf7 27. a6 bxa6
28. Ra1 Re3 29. Nce2 Rfe8 30. Kf2 R3e4 31. Rxa6 Kg8 32. Rd1 R4e7 33. Rd2 Rc7
34. b4 Re4 35. g3 Ne7 36. Nb5 Rd7 37. c6 Rd8 38. c7 Rd7 39. Rxa7 Nc8 40. Ra8
Re8 41. Rc2 Kg7 42. Na7 Nxa7 43. Rxa7 Rc8 44. Nd4 1-0

[Event "27th CRO-Cup"]
[Site "Mali Losinj"]
[Date "2018.05.16"]
[Round "1.44"]
[White "Blaga, Marijan"]
[Black "Bobanac, Miro"]
[Result "1/2-1/2"]
[WhiteElo "1993"]
[BlackElo "2276"]
[PlyCount "172"]
[EventDate "2018.05.16"]
[WhiteTeam "ŠK Tomislav-Goran, Sv.Ivan Žabno"]
[BlackTeam "ŠK Mornar, Split"]

1. e4 Nf6 2. Nc3 c6 3. d4 g6 4. e5 Nd5 5. Nxd5 cxd5 6. c3 d6 7. f4 Bg7 8. Nf3
O-O 9. Bd3 Nc6 10. O-O Rb8 11. Qb3 e6 12. Qa3 Re8 13. Bd2 Bf8 14. Qb3 b5 15.
Qc2 b4 16. cxb4 Qb6 17. Bc3 Nxb4 18. Bxb4 Qxb4 19. Rab1 Bd7 20. Qd2 Qb6 21.
Rfc1 Bh6 22. Qe3 Rec8 23. Rd1 Ba4 24. b3 Be8 25. Rdc1 dxe5 26. Nxe5 f6 27. Ng4
Bg7 28. Re1 h5 29. Nf2 Bf7 30. Rbd1 Rc3 31. Qd2 Qxd4 32. Bxg6 Qxd2 33. Bxf7+
Kxf7 34. Rxd2 Bh6 35. Rd4 Rbc8 36. Kf1 Rc2 37. Ra4 R8c7 38. Re2 Rc1+ 39. Re1
Kg6 40. g3 Kf5 41. h3 Bf8 42. g4+ hxg4 43. hxg4+ Kg6 44. Ra6 Bb4 45. Rxc1 Rxc1+
46. Ke2 Rc2+ 47. Kf3 Rc3+ 48. Ke2 Rc2+ 49. Kf3 Bc5 50. Nd3 Bb6 51. Ra4 Rd2 52.
Nb4 e5 53. fxe5 fxe5 54. Nc6 e4+ 55. Kf4 Rf2+ 56. Ke5 e3 57. Ne7+ Kg5 58. Nxd5
Rg2 59. Re4 Rxa2 60. Nxb6 axb6 61. Rxe3 Kxg4 62. Kd4 Kf5 63. Kc4 Rd2 64. Kb5
Rd6 65. b4 Rd4 66. Re8 Kf6 67. Rb8 Ke7 68. Rxb6 Kd7 69. Rh6 Kc7 70. Kc5 Rd7 71.
Kb5 Kb7 72. Ka5 Rf7 73. Rb6+ Ka7 74. Rb5 Rf1 75. Re5 Rf7 76. Kb5 Kb7 77. Kc5
Rc7+ 78. Kb5 Rf7 79. Ka5 Ka7 80. b5 Kb7 81. Kb4 Rg7 82. Re6 Rg4+ 83. Ka5 Rg7
84. Re5 Rf7 85. Kb4 Rg7 86. Kc5 Rc7+ 1/2-1/2

[Event "27th CRO-Cup"]
[Site "Mali Losinj"]
[Date "2018.05.16"]
[Round "1.51"]
[White "Zelic, Zdravko"]
[Black "Sprenger, Jan Michael"]
[Result "1/2-1/2"]
[WhiteElo "2343"]
[BlackElo "2496"]
[PlyCount "81"]
[EventDate "2018.05.16"]
[WhiteTeam "ŠK Polet, Zabok"]
[BlackTeam "ŠK Brda, Split"]

1. e4 c5 2. Nf3 e6 3. d4 cxd4 4. Nxd4 a6 5. Nc3 Qc7 6. g3 Bb4 7. Bd2 Nf6 8. Bg2
Nc6 9. Nxc6 dxc6 10. O-O Be7 11. Kh1 e5 12. f4 O-O 13. f5 Rd8 14. Qe1 b5 15.
Nd1 a5 16. Nf2 b4 17. g4 Ba6 18. Rg1 Bc5 19. Be3 Qa7 20. Bxc5 Qxc5 21. c3 bxc3
22. bxc3 Rab8 23. Bf3 Rb2 24. Nd1 Rc2 25. Rg2 Rxg2 26. Kxg2 g5 27. Nf2 Ne8 28.
h4 h6 29. hxg5 hxg5 30. Rd1 Rd6 31. Rxd6 Nxd6 32. Bd1 Bc4 33. Qd2 f6 34. Bb3
Nf7 35. Kf3 Qb5 36. Qd1 a4 37. Bxa4 Qb2 38. Bxc6 Qxc3+ 39. Kg2 Bxa2 40. Bd5
Bxd5 41. Qxd5 1/2-1/2

[Event "27th CRO-Cup"]
[Site "Mali Losinj"]
[Date "2018.05.16"]
[Round "1.52"]
[White "Muha, Miljenko"]
[Black "Zelic, Branko"]
[Result "0-1"]
[WhiteElo "2384"]
[BlackElo "2242"]
[PlyCount "80"]
[EventDate "2018.05.16"]
[WhiteTeam "ŠK Brda, Split"]
[BlackTeam "ŠK Polet, Zabok"]

1. c4 c6 2. d4 d5 3. e3 Nf6 4. Qc2 e6 5. Nf3 Ne4 6. Bd3 f5 7. O-O Bd6 8. b3 Qe7
9. Ne5 Nd7 10. Bb2 O-O 11. f3 Ng5 12. a4 Rf6 13. Ba3 Rh6 14. Bxd6 Qxd6 15. f4
Ne4 16. Bxe4 fxe4 17. c5 Qe7 18. b4 Nxe5 19. fxe5 Bd7 20. Nc3 Qh4 21. h3 Qe7
22. b5 Rh5 23. bxc6 Bxc6 24. Nb5 Rf5 25. Nd6 Rxf1+ 26. Rxf1 Rf8 27. Rb1 Qg5 28.
Qd2 h5 29. a5 Rf3 30. a6 bxa6 31. Rb8+ Kh7 32. Kh1 Rf1+ 33. Kh2 h4 34. g4 hxg3+
35. Kg2 Rf2+ 36. Qxf2 gxf2+ 37. Kxf2 Qh4+ 38. Kg2 Qe1 39. Rc8 Ba4 40. c6 Bd1
0-1

[Event "27th CRO-Cup"]
[Site "Mali Losinj"]
[Date "2018.05.16"]
[Round "1.53"]
[White "Kurecic, Mladen"]
[Black "Rade, Miroslav"]
[Result "1/2-1/2"]
[WhiteElo "2042"]
[BlackElo "2411"]
[PlyCount "78"]
[EventDate "2018.05.16"]
[WhiteTeam "ŠK Polet, Zabok"]
[BlackTeam "ŠK Brda, Split"]

1. d4 Nf6 2. Nf3 g6 3. c4 Bg7 4. Nc3 d5 5. cxd5 Nxd5 6. Bd2 O-O 7. e4 Nb6 8.
Be3 Bg4 9. Be2 Nc6 10. d5 Bxf3 11. Bxf3 Ne5 12. Bxb6 axb6 13. O-O c6 14. Be2 b5
15. Qb3 Qa5 16. a3 Rfd8 17. f4 Nd7 18. e5 Nc5 19. Qc2 Qb6 20. Kh1 cxd5 21. b4
Ne6 22. Qd3 Qd4 23. Nxb5 Qxd3 24. Bxd3 Nxf4 25. Rxf4 Bxe5 26. Rff1 Bxa1 27.
Rxa1 e5 28. Kg1 e4 29. Bc2 Rac8 30. Bb3 Kg7 31. Rd1 Kf6 32. Rxd5 Rxd5 33. Bxd5
Ke5 34. Bxb7 Rb8 35. Bc6 Rb6 36. Be8 Rb8 37. Bd7 Rb7 38. Bc6 Rb6 39. Be8 Rb8
1/2-1/2

[Event "27th CRO-Cup"]
[Site "Mali Losinj"]
[Date "2018.05.16"]
[Round "1.54"]
[White "Doric, Darko"]
[Black "Tretinjak, Dario"]
[Result "1-0"]
[WhiteElo "2463"]
[BlackElo "1886"]
[PlyCount "71"]
[EventDate "2018.05.16"]
[WhiteTeam "ŠK Brda, Split"]
[BlackTeam "ŠK Polet, Zabok"]

1. d4 Nf6 2. Bg5 e6 3. Nd2 d5 4. e3 Be7 5. Bd3 b6 6. c3 Bb7 7. Bxf6 Bxf6 8. f4
Nd7 9. Ngf3 c5 10. O-O g6 11. g4 Qe7 12. Qe2 cxd4 13. exd4 O-O 14. Rae1 Qd6 15.
g5 Bg7 16. Ne5 Nb8 17. Qg4 Nc6 18. Re3 Rfe8 19. Rh3 Bxe5 20. fxe5 Qf8 21. Rh6
Kg7 22. Rf3 Qe7 23. Rfh3 Rh8 24. Qh4 Kf8 25. Nf3 Ke8 26. Qf4 Kd7 27. Rxh7 Rxh7
28. Rxh7 Rf8 29. Qf6 Qxf6 30. gxf6 Kc8 31. Ng5 Nd8 32. Kf2 Bc6 33. h4 Bd7 34.
Ke3 Be8 35. b3 Rg8 36. c4 1-0

[Event "27th CRO-Cup"]
[Site "Mali Losinj"]
[Date "2018.05.16"]
[Round "1.61"]
[White "Lalic, Bogdan"]
[Black "Rosic, Slavko S"]
[Result "1/2-1/2"]
[WhiteElo "2396"]
[BlackElo "2224"]
[PlyCount "45"]
[EventDate "2018.05.16"]
[WhiteTeam "ŠK Petar Sedlar-Pepe, Kaštel Novi"]
[BlackTeam "ŠK Sladorana, Županja"]

1. c4 Nf6 2. Nc3 e6 3. e4 c5 4. e5 Ng8 5. d4 cxd4 6. Qxd4 Nc6 7. Qe4 d6 8. Nf3
dxe5 9. Nxe5 Nxe5 10. Qxe5 Qd6 11. Bf4 Qxe5+ 12. Bxe5 f6 13. Bg3 Bd7 14. O-O-O
Bc6 15. Nb5 Kf7 16. f3 Bc5 17. Bd3 e5 18. Rhe1 Ne7 19. f4 a6 20. Nc7 exf4 21.
Bxf4 Rac8 22. Ne6 Bb4 23. Bd2 1/2-1/2

[Event "27th CRO-Cup"]
[Site "Mali Losinj"]
[Date "2018.05.16"]
[Round "1.62"]
[White "Ljikar, Zoran"]
[Black "Plenkovic, Zdenko"]
[Result "0-1"]
[WhiteElo "2193"]
[BlackElo "2403"]
[PlyCount "40"]
[EventDate "2018.05.16"]
[WhiteTeam "ŠK Sladorana, Županja"]
[BlackTeam "ŠK Petar Sedlar-Pepe, Kaštel Novi"]

1. d4 Nf6 2. Nc3 d5 3. Bg5 c6 4. f3 Nbd7 5. e4 dxe4 6. fxe4 e5 7. dxe5 Qa5 8.
Nf3 Nxe4 9. Be3 Nxc3 10. bxc3 Nxe5 11. Bd4 Nxf3+ 12. Qxf3 Be6 13. Qg3 O-O-O 14.
Kf2 Rxd4 15. cxd4 Qd2+ 16. Be2 Qxd4+ 17. Qe3 Bc5 18. Qxd4 Bxd4+ 19. Kg3 Bxa1
20. Rxa1 Kc7 0-1

[Event "27th CRO-Cup"]
[Site "Mali Losinj"]
[Date "2018.05.16"]
[Round "1.63"]
[White "Loncar, Robert"]
[Black "Lesic, Krunoslav"]
[Result "1-0"]
[WhiteElo "2412"]
[BlackElo "2068"]
[PlyCount "59"]
[EventDate "2018.05.16"]
[WhiteTeam "ŠK Petar Sedlar-Pepe, Kaštel Novi"]
[BlackTeam "ŠK Sladorana, Županja"]

1. d4 e6 2. Nf3 Nf6 3. c4 d5 4. Nc3 b6 5. cxd5 exd5 6. Bg5 Bb7 7. e3 Be7 8.
Bb5+ Nbd7 9. Ne5 O-O 10. Bc6 Bxc6 11. Nxc6 Qe8 12. Nxe7+ Qxe7 13. Nxd5 Qd6 14.
Nxf6+ Nxf6 15. O-O Ne8 16. Qf3 c6 17. Rfc1 Rc8 18. Qf5 Nc7 19. a3 Ne6 20. Bh4
a5 21. Rc2 Rfe8 22. Bg3 Qd7 23. h3 Red8 24. Rac1 h6 25. b4 axb4 26. axb4 Qb7
27. Kh2 Rd7 28. Qf3 Rd5 29. Rxc6 Rcd8 30. Rc7 1-0

[Event "27th CRO-Cup"]
[Site "Mali Losinj"]
[Date "2018.05.16"]
[Round "1.64"]
[White "Egerc, Josip"]
[Black "Sale, Srdjan"]
[Result "0-1"]
[WhiteElo "2066"]
[BlackElo "2430"]
[PlyCount "102"]
[EventDate "2018.05.16"]
[WhiteTeam "ŠK Sladorana, Županja"]
[BlackTeam "ŠK Petar Sedlar-Pepe, Kaštel Novi"]

1. e4 c5 2. Nf3 e6 3. d4 cxd4 4. Nxd4 a6 5. Nc3 Qc7 6. Bd3 Nf6 7. Qe2 d6 8. Be3
Nc6 9. f3 Be7 10. Qf2 O-O 11. O-O-O Ne5 12. Nb3 b5 13. Kb1 Rb8 14. g4 Nc4 15.
Bg5 b4 16. Ne2 Nxe4 17. Bxe4 Bxg5 18. f4 Bf6 19. Nbd4 Bb7 20. Bxb7 Qxb7 21. g5
Bxd4 22. Qxd4 Rfc8 23. Ng3 e5 24. Qd3 exf4 25. Nh5 Qb5 26. Qd4 Qe5 27. Nxf4 a5
28. Rhe1 Qxd4 29. Rxd4 Kf8 30. Ree4 Ne5 31. Rxd6 Rd8 32. Rxd8+ Rxd8 33. a3 Nf3
34. Ka2 bxa3 35. Kxa3 Rc8 36. g6 fxg6 37. Nxg6+ Kf7 38. Nh4 Nxh2 39. c4 Kf6 40.
b4 axb4+ 41. Kxb4 g5 42. Ng2 h5 43. c5 Ng4 44. Kb5 Ne5 45. Ne3 Rb8+ 46. Ka6 h4
47. Rd4 Rh8 48. Rd6+ Kf7 49. Rd5 h3 50. Rxe5 h2 51. Rf5+ Ke6 0-1

[Event "27th CRO-Cup"]
[Site "Mali Losinj"]
[Date "2018.05.16"]
[Round "1.71"]
[White "Martic, Zlatko"]
[Black "Fercec, Nenad"]
[Result "1-0"]
[WhiteElo "2261"]
[BlackElo "2451"]
[PlyCount "75"]
[EventDate "2018.05.16"]
[WhiteTeam "ŠK Đuro Đaković. Slavonski Brod"]
[BlackTeam "ŠK Pula, Pula"]

1. d4 Nf6 2. c4 e6 3. Nc3 Bb4 4. Qc2 d5 5. cxd5 exd5 6. Nf3 Ne4 7. e3 O-O 8.
Bd3 Re8 9. O-O Bxc3 10. bxc3 Nc6 11. Nd2 Bf5 12. f3 Nxd2 13. Bxd2 Bxd3 14. Qxd3
Na5 15. e4 Nc4 16. e5 Qd7 17. Bg5 Re6 18. f4 Rg6 19. Rae1 f5 20. h3 Rf8 21. Kh2
Ra6 22. Re2 Qe6 23. Rg1 Ra3 24. g4 Ra6 25. Bf6 fxg4 26. Rxg4 Rxf6 27. exf6 Qxf6
28. Qf3 Qf7 29. Rg5 c6 30. Qg4 Nd6 31. Rg2 Ne8 32. Re5 Nf6 33. Qc8+ Qf8 34.
Qxb7 Rb6 35. Qxa7 Nd7 36. Rxg7+ Kh8 37. Rxh7+ Kg8 38. Rg5+ 1-0